000 00311nam a2200121Ia 4500
008 190216s9999||||xx |||||||||||||| ||und||
100 _aRavi Kalakota & Andrew B Whinston
245 0 _aE-Business 2-O
260 _bPearson Education International
300 _a520
650 _aComputer Science
942 _cBK
999 _c8866
_d8866